[Event "Hoogeveen Unive op 17th"]
[Site "Hoogeveen"]
[Date "2013.10.21"]
[Round "4"]
[White "L'Ami, Erwin"]
[Black "Krasenkow, Michal"]
[Result "1/2-1/2"]
[WhiteElo "2645"]
[BlackElo "2640"]
[Annotator "CB"]
[PlyCount "126"]
[EventDate "2013.10.18"]
[EventType "swiss"]
[EventRounds "9"]
[EventCountry "NED"]
[SourceTitle "EXT 2014"]
[Source "ChessBase"]
[SourceDate "2013.11.20"]
[SourceVersion "1"]
[SourceVersionDate "2013.11.20"]
[SourceQuality "1"]

1. d4 d5 2. c4 e6 3. Nc3 c6 {Die Noteboom-Variante ist eine Spezialität von
Krasenkow.} 4. Nf3 ({Nach} 4. e3 {muss Schwarz auch mit} f5 {und Übergang in
eine Holländische Stonewall-Variante, in der Weiß e3 gespielt hat.}) 4...
dxc4 5. a4 (5. e3 b5 6. a4 {ist Zugumstellung.}) 5... Bb4 6. e3 b5 7. Bd2 a5 8.
axb5 Bxc3 9. Bxc3 cxb5 10. b3 Bb7 11. bxc4 b4 12. Bb2 Nf6 13. c5 {Wurde bisher
selten gespielt.} ({Der Hauptzug ist} 13. Bd3 O-O 14. O-O Nbd7 15. Nd2 ({oder} 
15. Re1 Ne4 16. Nd2 Nxd2 17. Qxd2 Qc7 18. c5 f5 19. f3 Nf6 20. Bc4 Bd5 21. Bxd5
Nxd5 22. e4 fxe4 23. fxe4 Nf6 24. h3 Qc6 25. Qd3 a4 26. d5 exd5 27. Bxf6 Qxf6
28. Qxd5+ Qf7 29. c6 b3 30. c7 Rfc8 31. Rac1 b2 32. Qxa8 Rxa8 33. c8=Q+ Rxc8
34. Rxc8+ Qf8 35. Rxf8+ Kxf8 36. Rb1 a3 37. Kf2 Ke7 38. Ke3 a2 39. Rxb2 a1=Q {
0-1 (39) Sadler,M (2650)-Krasenkow,M (2660) Germany 1998}) 15... Qc7 16. f4 a4
17. Rb1 Rfd8 18. Qe2 b3 19. Ba1 Qd6 20. e4 Nc5 21. e5 Qc6 22. exf6 Nxd3 23. Qg4
g6 24. Rf3 b2 25. Qg5 bxa1=Q 26. Rxa1 Qb6 27. Rxd3 Rxd4 28. Rb1 Qd8 29. Rxb7
Rxd3 30. Nf3 a3 31. Rxf7 Qb6+ 32. c5 Qb1+ 33. Kf2 Rxf3+ {0-1 (33) Hammer,J 
(2608)-Nakamura,H (2775) Sandnes 2013}) 13... O-O 14. Bb5 Bc6 ({Spielbar ist
auch} 14... Qd5) 15. Ba4 (15. Bxc6 Nxc6 16. Qa4 Qc7 17. O-O Ne4 $11) 15... Bxa4
16. Qxa4 Qd5 {Schwarz will durch eine weißfeldrige Blockade im Zentrum die
weiße Bauernkette festlegen, wonach u.a. der Lb2 passiv bleibt.} 17. O-O Nc6
18. Rfd1 Rfc8 19. Ne5 (19. Nd2 Ne4 20. Nf1 f5 21. Rac1 Ne7 22. f3 Nf6 23. Nd2
Qc6 24. Ra1 Qa6 25. Re1 Ned5 26. Rac1 Qc6 27. Ra1 f4 28. e4 Ne3 29. Rxe3 fxe3
30. Nc4 Nd7 31. e5 e2 32. Kf2 Nxc5 33. dxc5 e1=Q+ 34. Kxe1 Qxc5 {0-1 (34)
Antonsen,M (2471)-Krasenkow,M (2607) Helsingor 2011}) 19... Ne8 20. Nxc6 Rxc6
21. f3 f5 {Der logische Zug, doch Weiß bricht jetzt im Zentrum taktisch durch.
Vermutlich war die Variante vorbereitet.} 22. e4 (22. Re1 Nf6 23. Qc2 b3 24.
Qc3 a4 25. e4 Qd7 26. Qc4 fxe4 27. fxe4 Rcc8 28. Ba3 Rd8 29. Rad1 Qc6 30. Qd3
Rab8 31. Rd2 Rd7 32. h3 {1/2-1/2 (32) Bekker Jensen,S (2420)-Bjornsson,S (2395)
Reykjavik 2013}) 22... fxe4 23. fxe4 Qxe4 24. Re1 Qd5 25. Re5 Qd7 26. d5 Rc7 (
26... exd5 27. Rae1 Rd8 28. Re7 Qc8 29. Qxa5 $16) 27. d6 Qxa4 28. Rxa4 Rc6 29.
Rxe6 Rxc5 30. d7 Kf7 $1 {Mit dem Springeropfer hält Schwarz die Partie.} ({
Nach} 30... Nc7 31. Re7 Kf8 32. Rxg7 {hat Weiß großen Vorteil, z.B.:} Rc1+
33. Bxc1 Kxg7 34. Rxa5 Rd8 35. Ra7 $16) 31. Rxe8 Rxe8 32. dxe8=Q+ Kxe8 33. Bxg7
Kf7 34. Bd4 Rd5 35. Bh8 (35. Bb6 $6 b3 36. Bd4 Rxd4 37. Rxd4 Ke6 (37... b2 $2
38. Rd7+ Ke6 39. Rb7 $18) 38. Rh4 ({Nicht} 38. Kf2 b2 39. Rd1 a4 $19) 38... Kd5
39. Rxh7 a4 40. Rb7 Kc4 41. h4 a3 42. Ra7 b2 43. Rxa3 b1=Q+ 44. Kh2 {führt zu
einer bekannten Remisstellung. Der h-Bauer spielt keine Rolle. Turm und
g-Bauer bilden eine Festung.}) 35... Rd8 36. Ba1 Rd1+ 37. Kf2 b3 38. Kf3 Rd2
39. Rf4+ (39. Rxa5 b2 40. Bxb2 Rxb2 41. h4 {führt zum Remis.}) 39... Kg8 40.
Rg4+ Kf8 41. Bg7+ Kf7 42. Bh8 Rd8 (42... Ke6 $5) 43. Rg7+ (43. Rf4+ $5 Kg8 44.
Be5 Rd5 45. Re4 a4 46. Bb2 Ra5 47. Ba3 $16) 43... Ke6 44. Rxh7 a4 $11 45. Rh6+
Kf7 46. Bb2 Rd2 47. Rh4 {Weiß gibt die Figur zurück, das Turmendspiel ist
remis.} Rxb2 48. Rxa4 Rc2 49. Rb4 Rc3+ 50. Kf2 Rc2+ 51. Kg3 Rc3+ 52. Kh4 Rc2
53. Kh3 b2 54. Rb6 Ke7 55. g4 Kd7 56. Kg3 Kc7 57. Rb3 Kd6 58. Rb8 ({Nicht} 58.
h4 Rc3+ 59. Rxc3 b1=Q 60. Rf3 {und Weiß muss ums Remis kämpfen.}) 58... Kc5
59. h3 Kc4 60. Kf4 Rd2 61. Rc8+ Kd3 62. Rb8 Kc4 63. Rc8+ Kd3 1/2-1/2

[Event "World Cup"]
[Site "Khanty-Mansiysk"]
[Date "2007.12.01"]
[Round "3.2"]
[White "Mamedyarov, Shakhriyar"]
[Black "Cheparinov, Ivan"]
[Result "1/2-1/2"]
[WhiteElo "2752"]
[BlackElo "2670"]
[Annotator "CB"]
[PlyCount "51"]
[EventDate "2007.11.24"]
[EventType "k.o."]
[EventRounds "7"]
[EventCountry "RUS"]
[SourceTitle "CBM 122"]
[Source "ChessBase"]
[SourceDate "2008.01.30"]
[SourceVersion "1"]
[SourceVersionDate "2008.01.30"]
[SourceQuality "1"]

1. d4 d5 2. c4 c6 3. Nc3 Nf6 4. e3 e6 5. Qc2 Nbd7 6. Bd2 Bd6 7. e4 {Mamedjarov
needed to win, but this rare set-up cannot set any opening problems for Black.}
Nxe4 8. Nxe4 dxe4 9. Qxe4 c5 10. dxc5 Nxc5 11. Qe3 O-O 12. b4 Nd7 13. c5 Be7
14. Rc1 a5 15. a3 axb4 16. axb4 Nf6 17. Nf3 Bd7 18. Ne5 Bc6 19. Bd3 Qc7 20. O-O
Rfd8 21. Rfd1 Ra3 22. Qe2 Ba4 23. Re1 Raxd3 {This must have came as a shock
for Mamedjarov, but in fact White can still find resources to play on.} 24.
Nxd3 Qd7 25. Ra1 (25. Rc3 $2 Bb5 $19) 25... Bc6 (25... Bb5 $2 {loses in view of
} 26. Ne5) ({To equality leads} 25... Qxd3 26. Qxd3 Rxd3 27. Rxa4 Rxd2 28. Ra7
Rd7 29. Rea1 {but here too White can continue to play on.}) 26. Ne5 $2 {
Probably disgusted with the turn of events, Mamedjarov made this move and
offered a draw, which was accepted by Cheparinov, who thus won the match.
Under other circumstances the Bulgarian would have most likely continued the
game, since in the resulting endgame Black has material advantage and more
active pieces.} ({Stronger is} 26. b5 $1 {and in comparison to 26.Ne5 here the
pawns are not blockaded:} Be4 ({perhaps better is} 26... Bxb5 27. Ne5 Bxe2 28.
Nxd7 Nxd7 29. Rxe2 Nxc5 {and Black must be able to make a draw.}) 27. Ne5 Qxd2
28. Qxd2 Rxd2 29. Ra8+ Rd8 (29... Bf8 30. c6 bxc6 31. bxc6 $16) 30. Rea1 {
with a completely unclear position}) ({After} 26. Ne5 {a possible continuation
is} Qxd2 27. Qxd2 Rxd2 28. Nxc6 bxc6 29. Ra6 Nd5 30. Rxc6 Nxb4 31. Rc8+ Rd8 32.
Rxd8+ Bxd8 33. Rb1 {(otherwise Black plays Nd5 and Bc7)} Ba5 34. Ra1 Nc6 {
and Black will soon regroup his pieces, with clear advantage.}) 1/2-1/2

[Event "Dilijan FIDE GP (Women)"]
[Site "Dilijan"]
[Date "2013.06.22"]
[Round "6"]
[White "Dzagnidze, Nana"]
[Black "Khotenashvili, Bela"]
[Result "1-0"]
[WhiteElo "2550"]
[BlackElo "2531"]
[Annotator "CB"]
[PlyCount "73"]
[EventDate "2013.06.16"]
[EventType "tourn"]
[EventRounds "11"]
[EventCountry "ARM"]
[EventCategory "11"]
[SourceTitle "CBM 155"]
[Source "ChessBase"]
[SourceDate "2013.07.16"]
[SourceVersion "1"]
[SourceVersionDate "2013.07.16"]
[SourceQuality "1"]

{Khotenashvili played most of her moves in the opening with her knights,
without really improving the position. Dzagnidze had a clear plan of attacking
on the kingside.} 1. d4 d5 2. c4 e6 3. Nc3 Be7 4. cxd5 exd5 5. Bf4 c6 6. Qc2 g6
7. e3 Bf5 8. Qd2 Nd7 9. f3 Ngf6 10. g4 Be6 11. Nge2 b5 12. Bg2 Nb6 13. b3 Nfd7
14. O-O Nc8 15. Rac1 Nd6 16. e4 a6 17. e5 Nb7 18. Bh6 Nb6 19. h3 Qd7 {Instead
of following her plan with 20.Nd1, Ne3, f4, f5, White played} 20. a4 Na5 21.
Rb1 b4 22. Na2 c5 23. dxc5 Bxc5+ 24. Nd4 $2 {and allowed Black to create a
real counterplay.} Nxb3 $2 ({Black could play} 24... Nbc4 25. bxc4 dxc4 26. Kh1
Qxd4 27. Qxd4 Bxd4 28. Nxb4 c3 $14) 25. Rxb3 Nc4 26. Qf2 Qxa4 27. Nc1 a5 28. f4
Qd7 29. Rf3 Qa7 30. Ncb3 a4 31. Nxc5 Qxc5 32. f5 gxf5 33. gxf5 Nxe5 34. fxe6
Nxf3+ 35. Qxf3 Qxd4+ 36. Be3 Qg7 37. exf7+ 1-0

[Event "Jermuk FIDE GP (Women)"]
[Site "Jermuk"]
[Date "2012.07.27"]
[Round "10"]
[White "Koneru, Humpy"]
[Black "Mkrtchian, Lilit"]
[Result "1-0"]
[WhiteElo "2598"]
[BlackElo "2450"]
[Annotator "CB"]
[PlyCount "63"]
[EventDate "2012.07.16"]
[EventType "tourn"]
[EventRounds "11"]
[EventCountry "ARM"]
[EventCategory "11"]
[SourceTitle "CBM 150"]
[Source "ChessBase"]
[SourceDate "2012.09.14"]
[SourceVersion "1"]
[SourceVersionDate "2012.09.14"]
[SourceQuality "1"]

{In this game Black was unable to solve the opening problems set before her by
White. Endeavoring to equalize, Black searched for the right move, but instead
stumbled.} 1. d4 d5 2. c4 e6 3. Nc3 Be7 4. Qc2 dxc4 5. e3 Nf6 6. Bxc4 a6 7. Nf3
Nbd7 8. e4 b5 9. Bd3 Bb7 10. O-O c5 11. e5 Nd5 12. Be4 Nb4 13. Qe2 Bxe4 14.
Qxe4 cxd4 15. Nxd4 Nc5 $4 ({Necessary was} 15... O-O 16. a3 Nc5 17. Qg4 {
where at this point there appears the intriguing} h5 $1 18. Qd1 Nd5 19. Nc6
Nxc3) 16. Qg4 g6 17. Bh6 {and Black's position in hopeless.} Qb6 18. Ndxb5 Nb7
19. Na3 Qc7 20. Rac1 Qxe5 21. Qf3 Qb8 22. Nc4 Nd8 23. Na5 Ra7 24. a3 Nd5 25.
Nxd5 exd5 26. Qc3 Rg8 27. Nc6 d4 28. Qxd4 Nxc6 29. Rxc6 Rd7 30. Qc3 Qb7 31.
Rc8+ Rd8 32. Rc7 1-0

[Event "UKR-ch KO 74th"]
[Site "Rivne"]
[Date "2005.08.27"]
[Round "2.2"]
[White "Korobov, Anton"]
[Black "Ushenina, Anna"]
[Result "0-1"]
[WhiteElo "2554"]
[BlackElo "2389"]
[Annotator "CB"]
[PlyCount "90"]
[EventDate "2005.08.24"]
[EventType "k.o."]
[EventRounds "5"]
[EventCountry "UKR"]
[SourceTitle "CBM 109"]
[Source "ChessBase"]
[SourceDate "2005.11.14"]
[SourceVersion "1"]
[SourceVersionDate "2005.11.14"]
[SourceQuality "1"]

1. d4 d5 2. c4 e6 3. Nc3 Be7 4. cxd5 exd5 5. Bf4 c6 6. e3 Bf5 7. Nge2 Bd6 8.
Ng3 Bg6 9. h4 Bxf4 10. exf4 Nh6 11. h5 Bf5 12. Nxf5 Nxf5 13. Qg4 Qf6 14. Bd3
Nd6 15. O-O-O Nd7 16. Rhe1+ Kd8 17. Re5 g6 18. g3 Re8 19. Qe2 Qh8 20. Qc2 Nxe5
21. dxe5 Nc8 22. Be4 Nb6 23. Bxd5 cxd5 $2 (23... Nxd5 24. Nxd5 Kc8 {was
definitely to be preferred} (24... cxd5 25. Rxd5+ {loses quickly})) 24. Nxd5
Nxd5 25. Rxd5+ Ke7 26. Qc5+ Ke6 27. Rd6+ Kf5 28. Qc2+ Kg4 29. Qe2+ Kh3 30. Rd1
Rac8+ 31. Kb1 Red8 32. Rg1 (32. Rh1+ {forces mate:} Kg2 33. Qe4+ Kxf2 34. Rh2+
Kxg3 35. Rg2+ Kh3 36. Qf3+ Kh4 37. Qg4#) 32... g5 33. Qf1+ $4 (33. Qf3 {
and the rook mate on h1 cannot be prevented.}) 33... Kg4 {now the black king
will escape. Remember that Black is a rook up.} 34. f3+ Kxh5 35. Qh3+ Kg6 36.
f5+ Kg7 37. f6+ Kf8 {back to safety on the back rank. Now Black simply wins.}
38. f4 h5 39. Qf5 Qg8 40. Qe4 Rd7 41. f5 Qh7 42. a3 Kg8 43. Ka2 Re8 44. g4 h4
45. Rh1 Qh6 0-1

[Event "RUS-ch (Women) 64th"]
[Site "Kazan"]
[Date "2014.12.07"]
[Round "9"]
[White "Galliamova, Alisa"]
[Black "Gunina, Valentina"]
[Result "0-1"]
[WhiteElo "2471"]
[BlackElo "2522"]
[Annotator "CB"]
[PlyCount "108"]
[EventDate "2014.11.28"]
[EventType "tourn"]
[EventRounds "9"]
[EventCountry "RUS"]
[EventCategory "9"]
[SourceTitle "CBM 163 Extra"]
[Source "ChessBase"]
[SourceDate "2014.12.23"]
[SourceVersion "1"]
[SourceVersionDate "2014.12.23"]
[SourceQuality "1"]

{The decisive game. The winner of this game was the winner of the event.} 1. d4
d5 2. c4 c6 3. Nc3 Nf6 4. e3 e6 5. b3 {This cannot be the most challenging way
to face the Semi-Slav, but it is an acceptable way to play.} Bb4 6. Bd2 Nbd7 (
6... Bd6 7. c5 Bc7 8. f4 b6 9. b4 a5 10. a3 Ba6 $13) 7. a3 Bd6 8. c5 Bc7 9. f4
{White goes for a dark-squared blockade, but Black has plans of her own on the
light-squares.} Ne4 10. Nxe4 dxe4 11. Ne2 O-O 12. Nc3 f6 (12... f5 {did seem
necessary.}) 13. Nxe4 e5 14. Bc4+ Kh8 15. O-O exd4 16. exd4 Re8 17. Ng3 {
Black's compensation, if any, is very murky.} b5 18. Bf7 Re7 19. Bh5 Nf8 20.
Ne2 (20. Bc3 {was a more natural way of defending. For example:} Be6 21. a4
bxa4 22. Rxa4 Bd5 23. Bf3 $16) 20... Bf5 21. Bf3 Be4 22. Bc3 Qd5 23. Bxe4 $6 (
23. Ng3 $14) 23... Rxe4 24. Bb2 Re3 25. Nc3 Qf5 26. Qb1 (26. g4 $1 {If there
was a time to take risks, it is now! The pawn push looks too brave but it
might have been possible to play it.}) 26... Qd7 27. Qd1 Rae8 28. Qd2 Qg4 29.
Qd1 $2 Qf5 $2 (29... Qh4 $1 {threatening f4.} 30. g3 Rxg3+ 31. hxg3 Qxg3+ 32.
Kh1 Qh3+ 33. Kg1 Bxf4 $1 34. Rxf4 Qg3+ 35. Kh1 Qxf4 {and White is helpless
against the rook swing to the kingside.}) 30. d5 $2 cxd5 $2 (30... Bxf4 $1 $17
31. g3 Rd3) 31. Nxb5 Bxf4 32. Nd6 Qg6 33. Nxe8 Rd3 34. Qb1 $2 {This move is as
illogical as it is bad. The queen is too far from the action.} (34. Qe2 Rd2 35.
Qf3 Rxb2 36. Rae1 $18) (34. Qe1 Be3+ 35. Kh1 $18 {was also entirely possible.})
34... Bxh2+ $1 35. Kh1 (35. Kxh2 Qg3+ 36. Kg1 Rd2 {emphasizes how badly placed
all of Galliamova's pieces are.}) 35... Bg3 36. Kg1 Qh6 37. Rxf6 $8 Qe3+ $1 38.
Kh1 gxf6 39. Nxf6 Qh6+ 40. Nh5+ d4 {and nos the knight is lost, along with the
game and the championship.} 41. Qxd3 Qxh5+ 42. Kg1 Qh2+ 43. Kf1 Qh1+ 44. Ke2
Qxg2+ 45. Kd1 Qxb2 46. Rc1 Bf4 47. Rc4 Be3 48. Rc2 Qb1+ 49. Ke2 Ne6 50. Qf5
Nf4+ 51. Kf3 Qf1+ 52. Ke4 Qh1+ 53. Ke5 Qd5+ 54. Kf6 Nh5+ 0-1

[Event "Dilijan FIDE GP (Women)"]
[Site "Dilijan"]
[Date "2013.06.17"]
[Round "2"]
[White "Girya, Olga"]
[Black "Batchimeg, Tuvshintugs"]
[Result "0-1"]
[WhiteElo "2436"]
[BlackElo "2316"]
[Annotator "CB"]
[PlyCount "74"]
[EventDate "2013.06.16"]
[EventType "tourn"]
[EventRounds "11"]
[EventCountry "ARM"]
[EventCategory "11"]
[SourceTitle "CBM 155"]
[Source "ChessBase"]
[SourceDate "2013.07.16"]
[SourceVersion "1"]
[SourceVersionDate "2013.07.16"]
[SourceQuality "1"]

1. d4 d5 2. Nf3 e6 3. c4 dxc4 4. e4 b5 5. a4 c6 6. Nc3 Bb4 7. Bd2 a5 8. axb5
Bxc3 9. Bxc3 cxb5 10. d5 Nf6 11. dxe6 Qxd1+ 12. Rxd1 fxe6 13. Nd4 Bd7 14. f3
O-O 15. Be2 Rc8 16. O-O b4 17. Be1 e5 18. Nf5 Bxf5 19. exf5 Nbd7 20. Bf2 c3 {
Black already has a winning position.} 21. bxc3 Rxc3 22. Bb5 Rc7 23. g4 Rb8 24.
Ba4 Nc5 25. Bxc5 Rxc5 26. g5 Nh5 27. Bb3+ Kh8 28. Rd7 Nf4 29. Kf2 Rcc8 30. Rfd1
Rf8 {Black's technique wasn't good and Girya's pieces are so active that it
was hard to imagine that she can lose.} 31. Ke3 $2 {A fatal mistake.} ({After} 
31. f6 gxf6 32. Re7 {with the threat of Rdd7 White should be able to hold.})
31... Rxf5 32. Ke4 Rbf8 33. Rd8 Nh3 34. Rxf8+ Rxf8 35. Kxe5 Nxg5 36. f4 Nf3+
37. Ke6 g6 0-1

[Event "Lopota FIDE GP (Women)"]
[Site "Lopota"]
[Date "2014.06.26"]
[Round "7"]
[White "Danielian, Elina"]
[Black "Muminova, Nafisa"]
[Result "1-0"]
[WhiteElo "2460"]
[BlackElo "2332"]
[Annotator "CB"]
[PlyCount "47"]
[EventDate "2014.06.19"]
[EventType "tourn"]
[EventRounds "11"]
[EventCountry "GEO"]
[EventCategory "11"]
[SourceTitle "CBM 161 Extra"]
[Source "ChessBase"]
[SourceDate "2014.08.29"]
[SourceVersion "1"]
[SourceVersionDate "2014.08.29"]
[SourceQuality "1"]

1. Nf3 d5 2. c4 e6 3. d4 Bb4+ 4. Nc3 Ne7 5. Qa4+ Nbc6 6. e3 O-O 7. Qc2 b6 8.
Bd2 Bb7 9. a3 Bd6 10. cxd5 Nxd5 11. e4 Nxc3 12. Bxc3 Re8 13. O-O-O a6 14. h4 h6
15. e5 {From here Black has two choices; one loses and one retains equal
chances.} Bf8 $2 {Muminova chooses the losing move.} (15... Be7 16. Bd3 Na7 {
The simple point is that now} 17. Bh7+ Kf8 {the king is not on the h-file.})
16. Bd3 Qd7 (16... Be7 17. Bh7+ Kf8 18. Be4 $18 {White's upcoming d5 will
collect too much material.}) 17. Rh3 $2 (17. Bh7+ Kh8 18. Ng5 {and Black is
already helpless against multiple threats.}) 17... b5 $2 {Underestimating
White's chances.} (17... Ne7 $1 {Bringing the knight to defend was paramount.})
18. Bh7+ Kh8 19. Ng5 $1 {Back on track.} Nd8 20. d5 Bxd5 21. Be4 Be7 22. Bxd5 {
is all over now.} Bxg5+ 23. hxg5 exd5 24. Rxh6+ 1-0

[Event "Vienna op"]
[Site "Vienna"]
[Date "1996.??.??"]
[Round "7"]
[White "Khalifman, Alexander"]
[Black "Godena, Michele"]
[Result "1-0"]
[WhiteElo "2640"]
[BlackElo "2550"]
[Annotator "Chekhov,V"]
[PlyCount "79"]
[EventDate "1996.??.??"]
[EventType "swiss"]
[EventRounds "9"]
[EventCountry "AUT"]
[SourceTitle "CBM 053 Extra"]
[Source "ChessBase"]
[SourceDate "1996.09.01"]
[SourceVersion "1"]
[SourceVersionDate "1996.09.01"]
[SourceQuality "1"]

1. c4 e6 2. Nc3 d5 3. d4 c6 4. e4 Bb4 $5 (4... dxe4 $5) 5. Bd3 $5 {N/} (5. e5
c5 6. a3 Bxc3+ 7. bxc3 Ne7 8. Nf3 Nbc6 9. Bd3 cxd4 10. cxd4 b6 11. cxd5 Qxd5
12. O-O Bb7 $132 {Shirov,A-Liiva,R/Tallinn/1996/0,5/38/}) (5. Bd2 dxc4 6. Bxc4
Nf6 7. Qe2 Qxd4 8. Nf3 Qd8 9. O-O Nbd7 10. a3 Be7 11. Rac1 O-O 12. e5 $44 {
San Segundo,P-Shirov,A/Madrid/1996/0|1/58/}) (5. a3 Bxc3+ 6. bxc3 dxe4 7. Qg4
Nf6 8. Qxg7 Rg8 9. Qh6 Nbd7 10. Ne2 Qa5 11. a4 b6 12. Bd2 c5 $132 {Bagirov,
V-Beltran/Oberhausen/1961/1|0/47/}) (5. Qg4 Nf6 6. Qxg7 Rg8 7. Qh6 dxe4 8. Nge2
c5 9. a3 Bxc3+ 10. bxc3 Nbd7 11. Ng3 Qa5 12. Bd2 Qb6 $13 {Ehlvest,
J-Skomorokhin,R/St Petersburg/1994/1|0/34/}) 5... dxe4 6. Bxe4 Nf6 7. Bc2 c5 8.
Nf3 cxd4 9. Nxd4 e5 10. Ba4+ $1 (10. Ndb5 a6 11. Qxd8+ Kxd8 12. Na3 Be6 $15) (
10. Nde2 Qxd1+ 11. Bxd1 Be6 12. b3 Ne4 13. Bb2 Nc6 $10) 10... Bd7 11. Nde2 Ne4
(11... O-O $5 12. O-O Nc6 13. Bg5 Be7 $14) 12. O-O Bxc3 13. Nxc3 Nxc3 14. bxc3
O-O (14... Bxa4 15. Qxa4+ Qd7 16. Qa3 $36) 15. Bc2 Bc6 (15... Be6 $5 16. Qh5 f5
) 16. Qh5 e4 17. Be3 Nd7 18. Bd4 $16 Re8 19. f4 (19. Rae1 $5) 19... Nf8 20. f5
f6 21. Bb3 Kh8 22. Rae1 e3 23. Re2 (23. Rxe3 Rxe3 24. Bxe3 Qd3 25. Bd4 Re8 $44)
23... Qa5 $6 (23... Re4 $5) 24. Qf7 $1 Nd7 25. Rf4 Rf8 (25... Nc5 $2 26. Bxf6
$1 $18) 26. Qh5 Nc5 27. Rh4 h6 28. Qg6 Rae8 (28... Nxb3 29. Rxh6+ gxh6 (29...
Kg8 30. Qh7+ Kf7 31. Rxf6+ Ke8 32. Rxe3+ $18) 30. Qxh6+ Kg8 31. Qg6+ Kh8 32.
Rxe3 $18) 29. Rxh6+ gxh6 30. Qxh6+ Kg8 31. Qg6+ Kh8 32. Bxf6+ Rxf6 33. Qxf6+
Kg8 34. Qg6+ Kf8 (34... Kh8 35. f6 Qc7 36. f7 Rf8 37. Qh5+ Kg7 38. Rxe3 $18)
35. f6 Qc7 36. Qh6+ Kg8 37. Qg5+ Kh7 38. Qxc5 $18 Re5 39. Qf8 Rh5 40. Bc2+ 1-0

[Event "Moscow International"]
[Site "Moscow"]
[Date "1982.05.09"]
[Round "1"]
[White "Knaak, Rainer"]
[Black "Geller, Efim P"]
[Result "1-0"]
[WhiteElo "2495"]
[BlackElo "2545"]
[Annotator "Chekhov,V"]
[PlyCount "61"]
[EventDate "1982.05.09"]
[EventType "tourn"]
[EventRounds "13"]
[EventCountry "URS"]
[EventCategory "10"]
[SourceTitle "MCL"]
[Source "ChessBase"]
[SourceDate "1999.07.01"]
[SourceVersion "1"]
[SourceVersionDate "1999.07.01"]
[SourceQuality "1"]

1. d4 d5 2. c4 e6 3. Nc3 Be7 4. cxd5 exd5 5. Bf4 c6 6. e3 Bf5 7. g4 (7. Nge2 $5
Nd7 8. h3 h5 9. Ng3 Bg6 10. Bd3 Bxd3 11. Qxd3 g6 $13) 7... Be6 (7... Bg6 8. h4
$1 Bxh4 9. Qb3 b6 10. Nf3 Be7 11. Ne5 $16) 8. h4 (8. h3 $5) 8... Nd7 9. h5 Qb6
10. Rb1 Ngf6 11. f3 h6 12. Bd3 c5 13. Nge2 Rc8 (13... O-O 14. Kf1 Rfe8 15. Kg2
Rac8 16. Qe1 Nh7 17. Qf2 cxd4 18. exd4 Bd6 $13 {Furman,S-Geller,E/URS-ch/1975/}
) 14. Kf1 O-O 15. g5 $1 hxg5 16. Bxg5 Rfe8 17. Qe1 cxd4 18. exd4 Nh7 19. Bxe7
Rxe7 20. Qg3 $36 Ndf8 (20... Qc7 $5 21. Qxc7 $140 Rxc7 22. Nb5 Rc8 23. Nxa7 Ra8
) 21. Kf2 (21. Bc2 $5 {/\Bb3/}) 21... f6 22. Bc2 Bf7 23. Bb3 Rce8 24. Rbd1 Ng5
25. Nf4 Qd6 (25... Re3 26. Nfxd5 $18) 26. Rd3 $1 (26. Ncxd5 Re2+ $1 27. Nxe2
Qxg3+) 26... b5 $6 (26... Nd7 $5 27. Qg4 Nb6 28. h6 g6) 27. Qg4 $1 $18 Rd7 28.
h6 g6 29. Ncxd5 a5 30. h7+ Ngxh7 $6 (30... Nfxh7 31. Qxd7 $18) (30... Kh8 $5
31. a3 a4 (31... Qc6 32. Rc3) 32. Ba2 Qc6 33. Nb4) 31. Nxg6 {time} (31. Nxg6
Bxg6 (31... Nxg6 32. Ne7+ Qxe7 33. Qxg6+ Kf8 34. Qh6+ $18) 32. Ne7+ Kh8 (32...
Kg7 33. Nf5+ $18) 33. Nxg6+ Nxg6 34. Qxg6 $18) 1-0